Entry Personal Name
Number of records used in: 1
001 - CONTROL NUMBER
003 - CONTROL NUMBER IDENTIFIER
005 - DATE AND TIME OF LATEST TRANSACTION
- control field:
20221029115913.0
008 - FIXED-LENGTH DATA ELEMENTS
- fixed length control field:
030725n| acannaabn |n aaa c
010 ## - LIBRARY OF CONGRESS CONTROL NUMBER
- LC control number:
no2003073887
035 ## - SYSTEM CONTROL NUMBER
- System control number:
(OCoLC)oca06109689
040 ## - CATALOGING SOURCE
- Original cataloging agency:
OrPOCIP
- Language of cataloging:
eng
- Transcribing agency:
OrPOCIP
- Modifying agency:
DLC
100 1# - HEADING--PERSONAL NAME
- Personal name:
Sadasivam, S.,
- Titles and other words associated with a name:
Dr.
670 ## - SOURCE DATA FOUND
- Source citation:
Molecular host plant resistance to pests, c2003:
- Information found:
t.p. (S. Sadasivam)
670 ## - SOURCE DATA FOUND
- Source citation:
Web site for Tamil Nadu Agricultural University, July 24, 2003
- Information found:
(Dr. S. Sadasivam)